Les 30 premiers départements français par population - 2026 - Statistiques

Statistiques générales
  • Ce quiz a été pris 53 fois
  • Le résultat moyen est 25 sur 30
Statistiques - réponses
Rang Population Département % Correct
3 2 047 602 Paris
98%
1 2 613 295 Nord
96%
2 2 119 367 Bouches du Rhône
94%
12 1 448 930 Pas de Calais
94%
4 1 937 017 Rhône
92%
5 1 745 657 Seine St Denis
92%
20 1 154 619 Alpes Maritimes
90%
19 1 174 367 Bas Rhin
90%
6 1 735 915 Gironde
90%
8 1 522 543 Loire Atlantique
90%
17 1 264 791 Hérault
88%
18 1 261 832 Seine Maritime
88%
14 1 364 840 Essonne
85%
22 1 148 210 Ille et Vilaine
85%
11 1 502 094 Seine et Marne
85%
13 1 439 001 Val de Marne
85%
21 1 148 634 Var
85%
10 1 514 418 Yvelines
85%
24 945 340 Finistère
83%
7 1 675 904 Hauts de Seine
83%
9 1 519 613 Haute Garonne
79%
15 1 316 321 Isère
79%
16 1 304 986 Val d'Oise
79%
30 786 657 Gard
75%
25 910 985 La Réunion
75%
23 1 049 746 Moselle
75%
29 798 958 Morbihan
73%
28 826 785 Oise
71%
26 884 180 Haute Savoie
67%
27 843 530 Maine et Loire
63%
Aucun quiz correspondant
Distribution des résultats
% des personnes avec chaque résultat
Percentile par nombre de réponses
Votre historique - résultats
Vous n’avez pas pris ce quiz